00858nam a2200205 a 450000100100000000500170001000800410002702000190006804000250008708200150011210000430012724500730017026000650024330000240030859000620033204900090039495201130040395201190051699900170063500002811620200930031349.0110406s2008 dr a 000 p spa d a978-9945035018 aDO-SdBNPbspacBNPHU axxxbS687v1 aSolís Medina, Jesús María95512310aVeinte poemas de amor y un cuento /cJesús María Solís Medina. aSanto Domingo :b[s. n.],c2008.fFotografías Vista Alegre av. :bil. ;c27 cm. aLa biblioteca posee un ejemplar autografiado por el autor aBNPD 0010718PDaPDbPDcCTd2011-04-06iLF1l0oxxx S687vp28116-10r2020-06-25w2020-06-25yLFPDZNo se presta 0010718PDaPDbPDcCTd2011-07-06iLF1l0oxxx S687vp28116-20r2020-06-25te. 2w2020-06-25yLFPDZNo se presta c27608d27608